| 000 | 00649nam a2200205 a 4500 | ||
|---|---|---|---|
| 001 | BRCA_1813 | ||
| 005 | 20190320203548.0 | ||
| 008 | spas19s1992----mx-a---###---#000-paspa-# | ||
| 020 | _a9686192077 | ||
| 050 | 4 |
_aNA750 _b.H47 1992 |
|
| 100 | 1 |
_aHerrasti Coqui, Luz María _95645 |
|
| 245 | 1 | 0 |
_aArquitectura de México _bhistoria en acuarelas _cLuz María Herrasti. |
| 260 |
_aMéxico _bGrupo Financiero GBM Banco del Atlántico _c1992 |
||
| 300 |
_a168 p. _bil. a color _c31 cm. |
||
| 500 | _aColección Sonia Corcuera de Mancera | ||
| 504 | _aBibliografía: p. 166-167 | ||
| 650 | 1 | 4 |
_aArquitectura _zMéxico _9596 |
| 902 | _aDSC | ||
| 942 |
_2lcc _cB |
||
| 999 |
_c1594 _d1594 |
||